Responses for Show #1276 - Monday, March 5, 1990

Elaine Zollner game 2.

Contestants

[<< previous game]

Gunther Freehill, an information officer originally from Melvin, Illinois

Keith Pickering, a programmer and analyst from Watertown, Minnesota

Elaine Zollner, a physician from Los Angeles, California (whose 1-day cash winnings total $9,000)

[next game >>]

Jeopardy! Round responses

WORLD GEOGRAPHY
WOMEN'S FASHION
STARTS WITH "B"
CELEBRITY RELATIVES
SPORTS TRIVIA
SAY CHEESE
    $100 7
Australia

Keith
    $100 1
(Keith: What is a veil?)

the train

ElaineKeith
    $100 6
Boo Boo

Keith
    $100 17
Lloyd & Jeff Bridges

Elaine
    $100 26
The Super Bowl

Elaine
    $100 16
Ricotta

Gunther
    $200 8
Thames

Elaine
    $200 2
heels

Elaine
    $200 9
a bedbug

Elaine
    $200 21
James Arness & Peter Graves

Elaine
    $200 27
The Indianapolis 500

Elaine
    $200 18
Edam & Gouda

Elaine
    $300 13
Mexico City

Keith
    $300 3
black

Elaine
    $300 10
Babushka

Elaine
    $300 23
(Gunther: Who is Annie Oakley?)

Calamity Jane (Martha Jane Canary)

Gunther
Triple Stumper
    $300 28
Red

Elaine
    $300 19
Munster

Gunther
    $400 14
TIbet

Elaine
    $400 4
a painter

Elaine
    $400 11
Brilliantine

Triple Stumper
    $400 24
Nicolas Cage

Elaine
    $400 29
Lacrosse

Elaine
    $400 20
(Gunther: What is pasteurized?)

American cheese

Gunther
Triple Stumper
    $500 15
Reykjavik, Iceland

Keith
    $600 5
Gibson Girl

Elaine
    $500 12
Bouquet Garni

Triple Stumper
    $500 25
(Elaine: Who is Harmon?)
(Alex: Be more specific.)
(Elaine: [*].)
...
(Alex: Tried to slip one by us there, but that's okay.)
...
(Alex: With a minute to go in the round.)

Tom Harmon

Elaine
    $500 30
(Alex: Elaine, with $5,600, you blazed through that first round... way to go!)

the Calgary Flames

Keith
    $500 22
Roquefort

Elaine

Scores at the first commercial break (after clue 15):

Elaine Keith Gunther
$2,700 $900 $0

Scores at the end of the Jeopardy! Round:

Elaine Keith Gunther
$5,600 $1,400 -$300

Double Jeopardy! Round responses

EXPLORERS
THE HUMAN BODY
AMERICAN LITERATURE
COMPOSERS
THE PLANETS
ANTIQUES
    $200 16
(Gunther: Who is James Cabot?)

John Cabot

ElaineGunther
    $200 2
the stomach

Gunther
    $200 1
Cotton Mather

Elaine
    $200 10
Felix Mendelssohn

Gunther
    $200 12
Venus

Keith
    $200 24
12 or 13 (if they included the Christ figure)

Elaine
    $400 20
Giovanni Verrazano

Gunther
    $400 4
the ear

Gunther
    $400 3
Larry McMurtry

Elaine
    $400 11
(Elaine: Who are Bach and Brahms?)
...
(Alex: Bach died in Leipzig.)

Beethoven & Brahms

ElaineKeith
    $400 13
(Gunther: What is Jupiter?)

Neptune

KeithGunther
    $400 27
Bellows

Gunther
    $600 22
Fountain of Youth

Elaine
    $600 6
cheekbones

Elaine
    $600 5
Herman Melville

Elaine
    $1,200 18
(Gunther: I haven't the faintest idea--who was Brahms?)

Pyotr Ilyich Tchaikovsky ("6th Symphony")

Gunther
    $600 14
Jupiter

Keith
    $600 28
Dovetail

Gunther
    $800 23
Vasco da Gama

Gunther
    $800 7
(Keith: What is the eustachian tube?)

the pharynx

ElaineKeith
    $800 9
On the Road

Gunther
    $800 19
Giuseppe Verdi

Gunther
    $800 15
Mars

Gunther
    $800 29
(Alex: That gives you $800 more and entitles you to the last clue, which is a...)

chinoiserie

Elaine
    $1000 25
Jacques Cartier

Keith
    $1000 8
[Applause]

the endocrine system

Elaine
    $1000 17
"Song of Myself"

Gunther
    $1000 21
Nikolai Rimsky-Korsakov

Gunther
    $1000 26
(Elaine: What is Pluto?)

Uranus

ElaineKeith
    $1,000 30
(Elaine: What is a mandolin clock?)

a banjo clock

Elaine

Scores at the end of the Double Jeopardy! Round:

Elaine Keith Gunther
$8,600 $4,200 $5,300

[wagering suggestions for these scores]

Final Jeopardy! Round responses

SHAKESPEAREAN TITLE CHARACTERS
KeithWho is Julius Caesar Marc?
$4,200
GuntherWho is Othello?
$3,500
ElaineWho is Antony?
$2,001
Marc Antony

Final scores:

Elaine Keith Gunther
$10,601 $0 $1,800
2-day champion: $19,601 3rd place: Orefors Intermezzo Stemware 2nd place: Trip to Miami & Caribbean Cruise

Game dynamics:

Coryat scores:

Elaine Keith Gunther
$9,500 $4,200 $6,500
29 R
(including 1 DD),
3 W
(including 1 DD)
11 R,
2 W
14 R,
5 W
(including 1 DD)

Combined Coryat: $20,200

[game clues] [game scores] [suggest correction]

Game tape date: 1989-10-23
The J! Archive is created by fans, for fans. Scraping, republication, monetization, and malicious use prohibited; this site may use cookies and collect identifying information. See terms. The Jeopardy! game show and all elements thereof, including but not limited to copyright and trademark thereto, are the property of Jeopardy Productions, Inc. and are protected under law. This website is not affiliated with, sponsored by, or operated by Jeopardy Productions, Inc. Join the discussion at JBoard.tv.